Sanat - Rosvo-Roope - Tapio Rautavaara - Statistics

Yleistilastot
  • Tätä visaa on pelattu 75 kertaa
    60 viimeisimmän päivityksen jälkeen
  • Keskiarvotulos 114 / 156
Vastaustilastot
Vastaus % Oikein
ei
100%
Ei
100%
Roope
100%
joll
97%
kertoa
97%
nimeltään
97%
oo
97%
surullisen
97%
tahdon
97%
tarinan
97%
hän
94%
Hän
94%
Jos
94%
laulu
94%
merirosvosta
94%
mun
94%
niin
94%
oli
94%
on
94%
särki
94%
se
94%
vertoa
94%
joutui
92%
sydämiä
92%
lasini
89%
myös
89%
sen
89%
täytätte
89%
ja
86%
kiin
83%
missä
83%
nappi
83%
sydämens
83%
irti
81%
kaunis
81%
kiertämään
81%
ompeli
81%
samalla
81%
hiljaa
78%
hirtettiin
78%
iältään
78%
naimisiin
78%
nuori
78%
siin
78%
yks
78%
isältään
75%
kun
75%
nyt
75%
omalta
75%
petturi
75%
Rosvo-Roope
75%
saanut
75%
sillä
75%
sydämensä
75%
hälle
72%
kasvoiltaan
72%
mut
72%
opetuksen
72%
paitansa
72%
ryöväri
72%
tuli
72%
tyttö
72%
lailla
67%
muistavat
67%
Roopen
67%
Roopesta
67%
vaan
67%
vei
67%
Viel
67%
jossain
64%
jota
64%
julma
64%
lempi
64%
lossivahtina
64%
pestäväks
64%
tiennyt
64%
eessä
61%
lesken
61%
ne
61%
nöyrtyi
61%
Oolannin
61%
päätään
61%
puistavat
61%
sikarin
61%
Suomessa
61%
vielä
61%
impi
58%
laitansa
58%
naiset
58%
poltti
58%
rannikot
58%
jokivarressa
56%
kuink
56%
Sai
56%
Itämeren
53%
lie
53%
siksi
53%
Pietarinkin
50%
tuns
50%
Kokkolassakin
47%
neito
47%
pelko
47%
suuri
47%
kapakkaan
44%
palkkansa
44%
ryövärin
44%
Suomenlahden
44%
he
42%
mitä
42%
viimein
42%
kaupungit
39%
Viron
39%
joivat
36%
rannikon
36%
saivat
36%
söivät
36%
kanssa
33%
tuutingin
33%
Rosvo-Roopen
28%
milloinkaan
25%
unhoita
25%
olla
6%
Ehtoja vastaavia visoja ei löytynyt
Tulosjakauma
Jokaisen tuloksen saaneiden osuus
Persentiili vastausten määrän mukaan
Tuloshistoriasi
Et ole pelannut tätä visaa sen viimeisimmän päivityksen jälkeen